000
00232nam a22000857a 4500
008
161220b xxu||||| |||| 00| 0 eng d
100
_9
2144
_a
Cherians.T
245
_a
The Suns Handker Chief
260
_a
New delhi
_b
Childerns Book Trust
_c
2011
999
_c
5025
_d
5025